000 00489nam a22001817a 4500
005 20200318144922.0
008 200318b xxu||||| |||| 00| 0 eng d
020 _a9788123918587
041 _aeng
082 _a615.10
100 _aKHANNA,NARESH KUMAR
_95278
245 _aPRINCIPAL OF PHARMACOLOGY FOR DENTAL STUDENT
_cNARESH KUMAR KHURANA
250 _a3'RD
260 _aNEW DELHI
_bCBS PUBLISHERS AND DISTRIBUTORS
_c2016
300 _a468
650 _aPHARMACY
_95279
942 _cBK
999 _c6148
_d6146